| 000 | 01052nam a2200265Ia 4500 | ||
|---|---|---|---|
| 003 | OSt | ||
| 005 | 20220930094803.0 | ||
| 006 | a|||||r|||| 00| 0 | ||
| 007 | ta | ||
| 008 | 220926b |||||||| |||| 00| 0 hin d | ||
| 024 | _a19390 | ||
| 037 | _cTheses | ||
| 040 |
_aCRL _cCRL _bhin |
||
| 041 |
_2hin _ahin |
||
| 100 | _aरमेश गौतम | ||
| 110 | _aदिल्ली विश्वविद्यालय. कला संकाय. हिन्दी विभाग | ||
| 245 | 0 | _aस्त्री-प्रश्न और मीरा कांत के नाटक | |
| 246 | _aStrī-prashna aur mīrā kāanta ke nāṭaka | ||
| 260 | _c2014 | ||
| 650 | _aहिन्दी साहित्य | ||
| 700 | _a डॉ. कुसुमलता, गा. | ||
| 700 | _aदिल्ली विश्वविद्यालय. कला संकाय. हिन्दी विभाग | ||
| 942 |
_cDIS _2CC |
||
| 999 |
_c887682 _d887682 |
||